BIBLIOTECA

SENCICO

El problema de las áreas tugurizadas centrales de Lima : (Registro nro. 168)

Detalles MARC
000 -LEADER
fixed length control field 01362nam a2200277Ia 4500
003 - CONTROL NUMBER IDENTIFIER
control field PE SENCICO BE
005 - DATE AND TIME OF LATEST TRANSACTION
control field 20251020182428.0
008 - FIXED-LENGTH DATA ELEMENTS--GENERAL INFORMATION
fixed length control field 200515s9999 xx 000 0 und d
040 ## - CATALOGING SOURCE
Original cataloging agency PE SENCICO BE
Transcribing agency PE SENCICO BE
041 ## - LANGUAGE CODE
Language code of text/sound track or separate title spa
082 ## - DEWEY DECIMAL CLASSIFICATION NUMBER
Classification number 307.12
Item number I5
110 1# - MAIN ENTRY--CORPORATE NAME
Corporate name or jurisdiction name as entry element Instituto Nacional de Desarrollo Urbano (Lima)
9 (RLIN) 2397
245 10 - TITLE STATEMENT
Title El problema de las áreas tugurizadas centrales de Lima :
Remainder of title diagnóstico - evaluación - lineamientos /
Statement of responsibility, etc. Instituto Nacional de Desarrollo Urbano
250 ## - EDITION STATEMENT
Edition statement [1a ed.]
260 ## - PUBLICATION, DISTRIBUTION, ETC.
Place of publication, distribution, etc. Lima :
Name of publisher, distributor, etc. INADUR ;
Date of publication, distribution, etc. 1983
300 ## - PHYSICAL DESCRIPTION
Extent 144 p. :
Other physical details planos ;
Dimensions 29 cm.
505 0# - FORMATTED CONTENTS NOTE
Formatted contents note El crecimiento urbano de Lima Metropolitana -- El deterioro urbano en Lima -- Deterioro urbano en un barrio de Lima - El caso de Monserrate -- Política urbana -- Programas de renovación y/o rehabilitación urbana
520 3# - SUMMARY, ETC.
Summary, etc. Documento sobre las áreas internas tugurizadas de la ciudad de Lima, muestra su proceso de formación, sus características, las experiencias habidas en algunos programas implementados y propone lineamientos para el desarrollo urbano.
650 10 - SUBJECT ADDED ENTRY--TOPICAL TERM
Topical term or geographic name entry element Asentamientos humanos
9 (RLIN) 2398
650 20 - SUBJECT ADDED ENTRY--TOPICAL TERM
Topical term or geographic name entry element Desarrollo urbano
9 (RLIN) 1318
650 20 - SUBJECT ADDED ENTRY--TOPICAL TERM
Topical term or geographic name entry element Política urbana
9 (RLIN) 2399
650 20 - SUBJECT ADDED ENTRY--TOPICAL TERM
Topical term or geographic name entry element Política habitacional
9 (RLIN) 839
650 20 - SUBJECT ADDED ENTRY--TOPICAL TERM
Topical term or geographic name entry element Política de vivienda
9 (RLIN) 2259
651 #0 - SUBJECT ADDED ENTRY--GEOGRAPHIC NAME
9 (RLIN) 1382
Geographic name Lima (Perú : Departamento)
942 ## - ADDED ENTRY ELEMENTS (KOHA)
Koha item type Libros
Source of classification or shelving scheme Dewey Decimal Classification
Existencias
Fecha de la última vez que lo usaron Número de ingreso o de inventario Pago total Signatura topográfica completa Código de barras Precio efectivo desde Tipo de documento Estado perdido Sistema de clasificación Estado dañado No es para préstamo Retirado Ubicación permanente Ubicación actual Fecha de adquisición
15/05/2020 5763   307.12/I5 BibLima24070065 15/05/2020 Libros   Dewey Decimal Classification       Biblioteca Central Lima Biblioteca Central Lima 15/05/2020